Tiger cerí zuby

Dôvody na vytvorenie podmienok a priestoru na rovnosť šancí všetkým krajinám Európskej únie. Reformy sú potrebné aj v "starých" štátoch EÚ. Transparentné konkurenčné prostredie je predpokladom pre vyrovnaný a trvalo udržateľný rozvoj. Proces dobiehania americkej ekonomiky je aktuálnou úlohou všetký...

Descrizione completa

Salvato in:
Dettagli Bibliografici
Autore principale: Lisý, Ján
Natura: Capitolo di libro
Lingua:slovacco
Soggetti:
Tags: Aggiungi Tag
Nessun Tag, puoi essere il primo ad aggiungerne!!

MARC

LEADER 00000naa$a2200000$$$4500
001 0019350
005 20240502071408.3
041 0 |a slo 
044 |a SK 
245 1 0 |a Tiger cerí zuby  |c Ján Lisý 
520 |a Dôvody na vytvorenie podmienok a priestoru na rovnosť šancí všetkým krajinám Európskej únie. Reformy sú potrebné aj v "starých" štátoch EÚ. Transparentné konkurenčné prostredie je predpokladom pre vyrovnaný a trvalo udržateľný rozvoj. Proces dobiehania americkej ekonomiky je aktuálnou úlohou všetkých štátov EÚ. 
610 2 0 |a dane 
610 2 0 |a boj konkurenčný 
610 2 0 |a reformy hospodárske 
610 2 0 |a rozvoj hospodársky 
610 2 0 |a politika hospodárska 
610 2 0 |a prostredie ekonomické 
610 2 0 |a Európska únia 
100 1 |a Lisý, Ján